000 00298nam a22001337a 4500
008 180306b xxu||||| |||| 00| 0 eng d
020 _a9780874774764
041 _aeng
080 _a159.9
100 _a49
101 _aPSI
245 _aThe Search for The Beloved
_cHouston, J
942 _2udc
_cBK
999 _c44136
_d44136